书目信息 |
| 题名: |
学前儿童卫生与保健
|
|
| 作者: | 张晓炎 主编 | |
| 分册: | ||
| 出版信息: | 镇江 江苏大学出版社 2018 |
|
| 页数: | 304页 | |
| 开本: | 26cm | |
| 丛书名: | ||
| 单 册: | ||
| 中图分类: | R175 | |
| 科图分类: | ||
| 主题词: | 学前儿童--卫生保健 | |
| 电子资源: | ||
| ISBN: | 978-7-81130-515-9 | |
| 000 | 00846nam0 2200229 45 | |
| 001 | 012001003041 | |
| 005 | 20140126150707.0 | |
| 010 | @a978-7-81130-515-9@dCNY49.80 | |
| 100 | @a20140204d2013 em y0chiy50 ea | |
| 101 | 0 | @achi |
| 102 | @aCN@b320000 | |
| 105 | @aa z 000yy | |
| 106 | @ar | |
| 200 | 1 | @a学前儿童卫生与保健@9xue qian er tong wei sheng yu bao jian@f张晓炎主编 |
| 210 | @a镇江@c江苏大学出版社@d2018 | |
| 215 | @a304页@c图@d26cm | |
| 330 | @a本书共分七章,主要内容包括学前儿童生理发育特点及保育要点,学前儿童心理发展及保健,学前儿童健康评价、检查与教育,学前儿童营养与膳食,学前儿童常见病及传染病的防治,学前儿童护理与急救,以及托幼机构卫生与保健工作等。 | |
| 606 | 0 | @a学前儿童@x卫生保健 |
| 690 | @aR175@v5 | |
| 701 | 0 | @a张晓炎@9zhang xiao yan@4主编 |
| 801 | 0 | @aCN@b北京卓展@c20191020 |
| 905 | @b1210184-7@dR175@e277@f4 | |
| 学前儿童卫生与保健/张晓炎主编.-镇江:江苏大学出版社,2018 |
| 304页:图;26cm |
| ISBN 978-7-81130-515-9:CNY49.80 |
| 本书共分七章,主要内容包括学前儿童生理发育特点及保育要点,学前儿童心理发展及保健,学前儿童健康评价、检查与教育,学前儿童营养与膳食,学前儿童常见病及传染病的防治,学前儿童护理与急救,以及托幼机构卫生与保健工作等。 |
| ● |
| 相关链接 |
|
|
|
|
正题名:学前儿童卫生与保健
索取号:R175/277
 
预约/预借
| 序号 | 登录号 | 条形码 | 馆藏地/架位号 | 状态 | 备注 |
| 1 | 1210184 | 212101848 | 第二样本阅览室/ [索取号:R175/277] | 在馆 | |
| 2 | 1210185 | 212101857 | 第三借阅区/ [索取号:R175/277] | 在馆 | |
| 3 | 1210186 | 212101866 | 第三借阅区/ [索取号:R175/277] | 在馆 | |
| 4 | 1210187 | 212101875 | 第三借阅区/ [索取号:R175/277] | 在馆 |